| 000 | 00997cam a22003135a 4500 | ||
|---|---|---|---|
| 001 | L159605 | ||
| 008 | 150226s2017 xxk f 000 0 eng d | ||
| 035 | _a(Sirsi) u159605 | ||
| 041 | 0 | _aeng | |
| 100 | 1 | _aWilding, Mark | |
| 245 | 0 | 4 | _aThe future of work |
| 260 | _c2017 | ||
| 490 |
_aModus _vNovember 2017, 12-22 (11) |
||
| 505 | _aAre you being served? -- We're all in this together -- All by myself -- Someone to watch over me -- A job for life | ||
| 520 | _aA special report investigating how can we make better use of our workspaces; what is the impact of co-working and the gig economy; and is the concept of retirement dead? | ||
| 590 | _aKA | ||
| 650 | 2 | 4 | _aCOLLABORATION |
| 650 | 2 | 4 | _aWORKSPACE |
| 650 | 2 | 4 | _aOFFICE OCCUPIERS |
| 650 | 2 | 4 | _aSELF-EMPLOYMENT |
| 650 | 2 | 4 | _aSURVEILLANCE |
| 650 | 2 | 4 | _aRETIREMENT |
| 651 | 4 | _aUnited Kingdom | |
| 690 | _aBUSINESS | ||
| 700 | 1 | _aWatson, Stuart | |
| 700 | 1 | _aAdams, David | |
| 700 | 1 | _aBurgess, Matt | |
| 942 |
_n0 _2ddc |
||
| 999 |
_c84881 _d84881 |
||